Eliminate American Cities - Sudden Death - Statistics

General Stats
  • This quiz has been taken 66,945 times
  • The average score is 18 of 40
Answers on the Map
Answers color-coded by a green-red scale on the quiz's map according to % correct below.
 
Answer Stats
Answer % Correct
Los Angeles
86%
San Diego
81%
San Francisco
78%
Sacramento
70%
San Jose
69%
New York
62%
Miami
56%
Tampa
54%
Fresno
53%
Philadelphia
52%
Buffalo
51%
Dallas
49%
PIttsburgh
49%
Austin
48%
Houston
48%
Orlando
48%
Cleveland
47%
Cincinnati
44%
Jacksonville
44%
San Antonio
44%
Columbus
43%
Riverside
43%
Rochester
43%
Tallahassee
43%
El Paso
42%
Syracuse
41%
Milwaukee
38%
St Louis
38%
Kansas City
37%
Akron
36%
Corpus Christi
35%
Dayton
34%
Green Bay
34%
Madison
34%
Scranton
34%
Pensacola
31%
Sarasota
27%
Poughkeepsie
26%
Allentown
25%
McAllen
22%
No matching quizzes found
Score Distribution
Percent of People with Each Score
Percentile by Number Answered
Your Score History
You have not taken this quiz